Word Jumble - Statistics

General Stats
  • This quiz has been taken 50 times
    24 since last reset
  • The average score is 68 of 243
Answer Stats
Hint Answer % Correct
hint
100%
leek
100%
shop
100%
who
100%
meod dome
94%
hwo how
94%
ekel keel
94%
mode
94%
hsop posh
94%
drai raid
94%
esu sue
94%
etn ten
94%
tinh thin
94%
dent
88%
rat
88%
etar rate
88%
use
88%
cheat
81%
achte teach
81%
ndet tend
81%
dairy
75%
tear
75%
arid
69%
oflw flow
69%
hops
69%
tar
69%
wolf
69%
tra art
63%
yaird diary
63%
neal lean
63%
utb but
56%
goat
56%
alin lain
56%
lane
56%
ewn new
56%
slate
56%
tare
56%
wen
56%
were
56%
late
50%
mean
50%
enmi mine
50%
rmei mire
50%
enam name
50%
pest
50%
stale
50%
alets steal
50%
step
50%
tub
50%
wee
50%
ewo woe
50%
fowl
44%
mane
44%
net
44%
nod
44%
owe
44%
sapt pats
44%
rime
44%
spat
44%
etal tale
44%
agot toga
44%
odn don
38%
eew ewe
38%
node
38%
pset pets
38%
edir ride
38%
lptis split
38%
dire
31%
enod done
31%
doom
31%
emir
31%
rwee ewer
31%
keep
31%
lemon
31%
spil lips
31%
low
31%
emad made
31%
maid
31%
domo mood
31%
pale
31%
asid said
31%
spilt
31%
sure
31%
taps
31%
edar dare
25%
wdar draw
25%
last
25%
leap
25%
least
25%
earm mare
25%
nmoel melon
25%
aelp peal
25%
epek peek
25%
plea
25%
ruse
25%
sauce
25%
slip
25%
tnalet talent
25%
ward
25%
bag
19%
esuac cause
19%
dame
19%
ilad dial
19%
bga gab
19%
laid
19%
orel lore
19%
mien
19%
note
19%
now
19%
nut
19%
wlo owl
19%
read
19%
reel
19%
role
19%
alst salt
19%
miet time
19%
eton tone
19%
ntu tun
19%
vane
19%
add
13%
cheap
13%
ada dad
13%
dais
13%
elan
13%
rele leer
13%
veerl lever
13%
link
13%
lure
13%
mate
13%
mite
13%
apn nap
13%
enav nave
13%
near
13%
twen newt
13%
pni nip
13%
nwo own
13%
pan
13%
achpe peach
13%
pin
13%
ream
13%
revel
13%
elur rule
13%
dkis skid
13%
latir trail
13%
esur user
13%
veil
13%
went
13%
amen
6%
dmai amid
6%
wal awl
6%
nba ban
6%
abt bat
6%
brag
6%
tbure brute
6%
cents
6%
nwad dawn
6%
gnisde design
6%
utsd dust
6%
arne | rena earn
6%
ears
6%
emit
6%
srea eras
6%
leiv evil
6%
felt
6%
fire
6%
gape
6%
barg grab
6%
nik ink
6%
kids
6%
nlki kiln
6%
kin
6%
law
6%
tfel left
6%
live
6%
mope
6%
nab
6%
nail
6%
orthn north
6%
opts
6%
usor ours
6%
gepa page
6%
pare
6%
arep pear
6%
pears
6%
mpoe poem
6%
post
6%
pots
6%
rape
6%
reap
6%
reaps
6%
erif rife
6%
sack
6%
evas save
6%
asw saw
6%
csten scent
6%
sear
6%
soup
6%
sour
6%
spare
6%
areps spear
6%
ptso stop
6%
stud
6%
preus super
6%
swore
6%
tab
6%
etam tame
6%
thorn
6%
trial
6%
vase
6%
vile
6%
was
6%
weld
6%
ewrso worse
6%
ksac cask
0%
center
0%
deal
0%
dear
0%
item
0%
lade
0%
latent
0%
idae lead
0%
pleer leper
0%
dwle lewd
0%
upso opus
0%
purse
0%
tnecer recent
0%
repel
0%
signed
0%
tuber
0%
wand
0%
No matching quizzes found
Score Distribution
Percent of People with Each Score
Percentile by Number Answered
Your Score History
You have not taken this quiz since the last reset